La fiera, el rayo y la piedra (Record no. 177806)

MARC details
000 -LEADER
campo de control de longitud fija 01112nam a22002655i 4500
001 - NÚMERO DE CONTROL
campo de control 177806
003 - IDENTIFICADOR DE NÚMERO DE CONTROL
campo de control ES-MaACL
005 - FECHA Y HORA DE LA ÚLTIMA TRANSACCIÓN
campo de control 20250513063026.0
008 - DATOS DE LONGITUD FIJA--INFORMACIÓN GENERAL
campo de control de longitud fija 110427s1987 sp af |||| | spa d
017 ## - NÚMERO DE COPYRIGHT O DE DEPÓSITO LEGAL
Número de copyright o de depósito legal M-29783-1987
020 ## - NÚMERO INTERNACIONAL ESTÁNDAR DEL LIBRO
Número Internacional Estándar del Libro 8475062121
080 ## - NÚMERO DE LA CLASIFICACIÓN DECIMAL UNIVERSAL
Número de la Clasificación Decimal Universal 821.134.2-22"16"
100 1# - ENTRADA PRINCIPAL--NOMBRE DE PERSONA
Nombre de persona Calderón de la Barca, Pedro,
Fechas asociadas al nombre 1600-1681
Término indicativo de función/relación Autor
9 (RLIN) 239594
245 13 - MENCIÓN DEL TÍTULO
Título La fiera, el rayo y la piedra
Resto del título : comedia de Pedro Calderón de la Barca, según la representación que se hizo en el Palacio Real de Valencia el 4 de junio de 1690 : (Biblioteca Nacional, Ms. 14614) /
Mención de responsabilidad, etc. introducción, Manuel Sánchez Mariana ; transcripción del manuscrito, Javier Portús.
260 ## - PUBLICACIÓN, DISTRIBUCIÓN, ETC.
Lugar de publicación, distribución, etc. [Madrid] :
Nombre del editor, distribuidor, etc. Ministerio de Cultura,
Fecha de publicación, distribución, etc. imp. 1987.
300 ## - DESCRIPCIÓN FÍSICA
Extensión XXVI, 195 p. , [24] h. pleg. de lám. bl. y n. :
Otras características físicas il. bl. y n. ;
Dimensiones 35 cm.
650 14 - PUNTO DE ACCESO ADICIONAL DE MATERIA--TÉRMINO DE MATERIA
Término de materia o nombre geográfico como elemento de entrada
9 (RLIN) 239580
700 0# - ENTRADA AGREGADA--NOMBRE PERSONAL
Nombre de persona Sánchez Mariana, Manuel.
9 (RLIN) 102752
700 0# - ENTRADA AGREGADA--NOMBRE PERSONAL
Nombre de persona Portús, Javier.
9 (RLIN) 93310
852 ## - LOCALIZACIÓN
Ubicación ES-MaACL
itemnumber R.145224
Signatura antigua Olim:N-4100
Número de control de estantería A-11095
Ubicación en estantería Depósito 1
903 ## - NOMBRE PERSONAL DE DONANTE
e Donante
942 ## - ELEMENTOS DE ENTRADA SECUNDARIOS (KOHA)
Fuente del sistema de clasificación o colocación Clasificación decimal universal
Tipo de ítem Koha Libro impreso
Holdings
Estatus retirado Estado de pérdida Fuente del sistema de clasificación o colocación Estado de daño No para préstamo Biblioteca de origen Biblioteca actual Ubicación en estantería Fecha de adquisición Fuente de adquisición Total de préstamos Signatura topográfica completa Código de barras Visto por última vez Precio de reemplazo Tipo de ítem Koha
    Clasificación decimal universal     Biblioteca del Ateneo de Madrid Biblioteca del Ateneo de Madrid Depósito 1 27/04/2011 Donación   A-11095 1186790 23/02/2023 23/02/2023 Libro impreso